000 004350000a22001810004500
003 MACL
005 20151010130307.0
008 151010b xxu||||| |||| 00| 0 eng d
040 _aMACL
_cMACL
041 _aEnglish
082 _a920/DAT
100 _aDatta, Kali Kinkar
_914009
245 _aRajendra Prasad
260 _bPublication Division
_c1970
_aFaridabad
350 _a8
650 _aBiography
_914335
942 _cBK
_k920
_2ddc
999 _c7787
_d7787